| 000 | 00639nam a22001577a 4500 | ||
|---|---|---|---|
| 003 | OSt | ||
| 005 | 20150918181329.0 | ||
| 008 | 150918b xxu||||| |||| 00| 0 eng d | ||
| 040 | _cRUA | ||
| 082 | _aAGR RIE 2005 B032 Or.1 | ||
| 100 |
_9813 _aRIEL SINA |
||
| 245 | _aThe condition in agricultural activties of tribes peoplein ratanakiri province,(ស្ថានភាពនៃការធ្វើកសិកម្មរបស់បងប្អូនជនជាតិភាគតិច នៅក្នុងខេត្តរតនគីរី) | ||
| 260 |
_aphnom penh _bRUA _c2005 |
||
| 300 |
_axii,56p. _cill. _g29cm. |
||
| 942 |
_2ddc _cAGR |
||
| 999 |
_c785 _d785 |
||